Blood//Water lyrics- Grandson - Statistics

General Stats
  • This quiz has been taken 25 times
  • The average score is 236 of 277
Answer Stats
Answer % Correct
blood
100%
do
100%
go
100%
gon'
100%
I
100%
in
100%
the
100%
the
100%
water
100%
water?
100%
what
100%
What
100%
you
100%
there's
93%
when
93%
When
93%
your
93%
a
87%
and
87%
daughter
87%
free
87%
get
87%
is
87%
never
87%
son
87%
eyes
80%
for
80%
lamb
80%
Look
80%
me
80%
my
80%
of
80%
price
80%
slaughter
80%
to
80%
another
73%
dollar
73%
dry
73%
greed
73%
has
73%
just
73%
pocket
73%
poisoned
73%
river
73%
run
73%
tell
73%
We'll
73%
accept
67%
admit
67%
am
67%
Beg
67%
beg
67%
everything's
67%
fine
67%
happy
67%
mercy
67%
not
67%
Now
67%
people
67%
sickness
67%
silence,
67%
toxic
67%
violence
67%
were
67%
won't
67%
ain't
60%
alibi?
60%
door
60%
forgiveness
60%
knock
60%
what's
60%
but
53%
done
53%
front
53%
it
53%
listen
53%
riot
53%
storm
53%
can't
47%
closely
47%
could
47%
hide
47%
if
47%
last
47%
money
47%
oh
47%
real
47%
swarm
47%
system
47%
thought
47%
animal
40%
fallen
40%
on
40%
solve
40%
tree's
40%
No matching quizzes found
Score Distribution
Percent of People with Each Score
Percentile by Number Answered
Your Score History
You have not taken this quiz